000 00275nam a22001217a 4500
008 170807b xxu||||| |||| 00| 0 eng d
041 _aeng
080 _22ND
_a004
100 _a33
101 _aSHK
245 _aOBJECT-ORIENTED ANALYSIS & DESIGN
_cBOOCH,G
942 _2udc
_cBK
999 _c22780
_d22780